书目信息 |
| 题名: |
装饰图案
|
|
| 作者: | 赵茂生 编著 | |
| 分册: | ||
| 出版信息: | 杭州 浙江美术学院出版社 1999.01 |
|
| 页数: | 204页 | |
| 开本: | 16开 | |
| 丛书名: | ||
| 单 册: | ||
| 中图分类: | J51-43 | |
| 科图分类: | ||
| 主题词: | 图案学 | |
| 电子资源: | ||
| ISBN: | 7-81019-704-5 | |
| 000 | 00539nam0 2200193 45 | |
| 001 | 0011152066 | |
| 005 | 20001115203401.3 | |
| 010 | @a7-81019-704-5@d35.00元 | |
| 100 | @a20001115d1999 km y0chiy0120 ea | |
| 101 | 0 | @achi |
| 105 | @a z 000yy | |
| 200 | 1 | @a装饰图案@AZhuang Shi Tu An@f赵茂生编著@FZhao Mao Sheng Bian Zhu |
| 210 | @a杭州@c浙江美术学院出版社@d1999.01 | |
| 215 | @a204页@d16开 | |
| 606 | 0 | @a图案学 |
| 690 | @aJ51-43@v3 | |
| 701 | 0 | @a赵茂生@4编著 |
| 801 | @aCN@bPftUser@c20001115 | |
| 905 | @b408528-532@dJ51-43@eZH788@f5 | |
| 装饰图案/赵茂生编著.-杭州:浙江美术学院出版社,1999.01 |
| 204页;16开 |
| ISBN 7-81019-704-5:35.00元 |
| ● |
| 相关链接 |
|
|
|
正题名:装饰图案
索取号:J51-43/ZH788
 
预约/预借
| 序号 | 登录号 | 条形码 | 馆藏地/架位号 | 状态 | 备注 |
| 1 | 408528 | 204085284 | 自科二线404/ [索取号:J51-43/ZH788] | 在馆 | |
| 2 | 408529 | 204085293 | 自科二线404/404自科库 14排1列1层/ [索取号:J51-43/ZH788] | 在馆 | |
| 3 | 408530 | 204085300 | 期刊室512/404自科库 14排1列1层/ [索取号:J51-43/ZH788] | 在馆 | |
| 4 | 408531 | 204085319 | 社科库309/309社科库 86排1列5层/ [索取号:J51-43/ZH788] | 在馆 | |
| 5 | 408532 | 204085328 | 社科库309/309社科库 86排1列5层/ [索取号:J51-43/ZH788] | 在馆 |